Venere e Adone /
保存先:
| 第一著者: | |
|---|---|
| その他の著者: | |
| フォーマット: | 図書 |
| 言語: | イタリア語 英語 |
| 出版事項: |
Roma :
Editoria & Spettacolo,
c2008
|
| シリーズ: | Ripercorsi
|
| タグ: |
タグなし, このレコードへの初めてのタグを付けませんか!
|
MARC
| LEADER | 00000nam a22000007i 4500 | ||
|---|---|---|---|
| 001 | IT\ICCU\UBO\3591740 | ||
| 003 | ItRI | ||
| 005 | 20260115232150.0 | ||
| 008 | 090310s2008 it |||||| ||||| |||||c | ||
| 020 | |a 9788889036532 | ||
| 040 | |b ita |c importazione bologna sebina | ||
| 041 | 7 | |a ita |a eng |2 ISO-639-2 | |
| 100 | 1 | |a Shakespeare, William, |d (1564-1616) |0 IT\ICCU\CFIV\000356 |4 aut | |
| 245 | 1 | 0 | |a Venere e Adone / |c William Shakespeare ; a cura di Valter Malosti. |
| 260 | |a Roma : |b Editoria & Spettacolo, |c c2008 | ||
| 300 | |a 132 p. ; |c 20 cm | ||
| 500 | |a Testo orig. a fronte. | ||
| 700 | 1 | |a Malosti, Valter |0 IT\ICCU\SCMV\026653 | |
| 790 | 0 | |a Shakespeare |3 IT\ICCU\BVEV\267267 |z Shakespeare, William (1564-1616) | |
| 790 | 0 | |a Shakspeare |3 IT\ICCU\LO1V\421621 |z Shakespeare, William (1564-1616) | |
| 790 | 1 | |a Malosti, Walter |3 IT\ICCU\LIGV\038238 |z Malosti, Valter | |
| 790 | 1 | |a Saixper, Ouilliam |3 IT\ICCU\PUVV\323470 |z Shakespeare, William (1564-1616) | |
| 790 | 1 | |a Schakespear, William |3 IT\ICCU\SBNV\098292 |z Shakespeare, William (1564-1616) | |
| 790 | 1 | |a Šekspir, V. |3 IT\ICCU\BVEV\119902 |z Shakespeare, William (1564-1616) | |
| 790 | 1 | |a Šekspir, Vilьjam |3 IT\ICCU\CFIV\229976 |z Shakespeare, William (1564-1616) | |
| 790 | 1 | |a Sexpir, Uilliam |3 IT\ICCU\PUVV\323471 |z Shakespeare, William (1564-1616) | |
| 790 | 1 | |a Shakespeare, Guglielmo |3 IT\ICCU\RMLV\050832 |z Shakespeare, William (1564-1616) | |
| 790 | 1 | |a Shakespeare, Wilhelm |3 IT\ICCU\SBNV\098293 |z Shakespeare, William (1564-1616) | |
| 790 | 1 | |a Shakspeare, Guglielmo |3 IT\ICCU\CFIV\190965 |z Shakespeare, William (1564-1616) | |
| 790 | 1 | |a Shakspeare, William |3 IT\ICCU\RAVV\662197 |z Shakespeare, William (1564-1616) | |
| 790 | 1 | |a Shekspir, Uiliam |3 IT\ICCU\CFIV\220960 |z Shakespeare, William (1564-1616) | |
| 790 | 1 | |a Shekspir, Uiliam |3 IT\ICCU\PALV\059311 |z Shakespeare, William (1564-1616) | |
| 830 | 0 | |a Ripercorsi |0 IT\ICCU\UBO\3591742 | |
| 942 | |2 ddc |c BK |n 0 | ||
| 952 | |0 0 |1 0 |4 0 |6 DOC_822_300000000000000_SHA |7 0 |9 21261 |a BO |b BO |d 2026-01-15 |i 12532 |l 0 |o DOC 822.3 SHA |p BO12532 |r 2026-01-15 23:21:50 |w 2026-01-15 |x [Sebina 5] [1 v.] |y BK |z 1 v. | ||
| 999 | |c 18165 |d 18165 | ||